=LDR 00000nam 2200000 4500 =001 NUTBA000000000002845 =005 20210210015922 =035 ##$$a 0010-071400000000033 =008 210210################g##########0#ind## =020 ##$$a 978-602-19628-2-4 =082 ##$$a 338. =100 ##$$a Arif Isnaini =245 1#$$a Berani berwirausaha /$c Arif Isnaini =260 ##$$a Surabaya :$b Insan Cendekia,$c 2012 =084 ##$$a 338. ARI b =300 ##$$a v,124 hlm. : $b ilus. ; $c 21 x 16 cm. =504 ##$$a Bibliografi : hlm.122 =520 ##$$a Biografi : hlm.123 =990 ##$$a 21304067 =990 ##$$a 21304065 =990 ##$$a 21304068 =990 ##$$a 21304066 =990 ##$$a 21304064 =990 ##$$a 31800344 =990 ##$$a 21304067 =990 ##$$a 21304065 =990 ##$$a 21304068 =990 ##$$a 21304066 =990 ##$$a 21304064 =990 ##$$a 31800344